[Event "NED-ch 1975"]
[Site "Leeuwarden"]
[Date "1975.??.??"]
[Round "1"]
[White "Bohm, Hans"]
[Black "Timman, Jan"]
[Result "1/2-1/2"]
[WhiteElo "2300"]
[BlackElo "2510"]
[PlyCount "25"]
[EventDate "1975.??.??"]
[Source "ChessBase"]
[SourceDate "1999.07.01"]

1. e4 e6 2. d4 d5 3. exd5 exd5 4. Bd3 Bd6 5. Ne2 Ne7 6. Bf4 O-O 7. Qd2 Bf5 8.
Nbc3 c6 9. O-O-O Bxd3 10. Qxd3 Bxf4+ 11. Nxf4 Qd6 12. Qg3 Qf6 13. Rhe1 1/2-1/2

[Event "NED-ch 1975"]
[Site "Leeuwarden"]
[Date "1975.??.??"]
[Round "1"]
[White "Enklaar, Bert"]
[Black "Schouten, Nico"]
[Result "0-1"]
[WhiteElo "2410"]
[BlackElo "2200"]
[PlyCount "176"]
[EventDate "1975.??.??"]
[Source "ChessBase"]
[SourceDate "1999.07.01"]

1. e4 e5 2. Nf3 Nc6 3. Bb5 a6 4. Ba4 Nf6 5. O-O Nxe4 6. d4 b5 7. Bb3 d5 8. dxe5
Be6 9. Qe2 Be7 10. a4 b4 11. c3 O-O 12. Nd4 Qd7 13. Rd1 Nxd4 14. cxd4 f5 15. f3
Ng5 16. Be3 f4 17. Bf2 h5 18. Nd2 h4 19. h3 c6 20. Bc2 Qe8 21. Kh2 Qh5 22. Rac1
a5 23. Bd3 Bd7 24. Nb3 Qh6 25. Nc5 Bxc5 26. Rxc5 Ne6 27. Rcc1 g5 28. Qc2 Qg7
29. Re1 Qe7 30. Bg6 Rfc8 31. Bf5 Rc7 32. Bg4 Qh7 33. Bxe6+ Bxe6 34. Qc5 Qd7 35.
Qd6 Kf7 36. Rc5 Qxd6 37. exd6 Rcc8 38. Re5 Kf6 39. Rc1 Ra7 40. Rc5 Ra6 41. Kg1
Rd8 42. Kf1 Rxd6 43. Ke2 Bf5 44. Kd2 Re6 45. Rxe6+ Kxe6 46. Rc1 Kf6 47. b3 Bd7
48. Re1 Ra8 49. Rc1 Ke7 50. Rc2 Kd6 51. Kd1 Bf5 52. Rd2 Re8 53. Bg1 Kc7 54. Bf2
Bc8 55. Bg1 Ba6 56. Bf2 Kb6 57. Bg1 Kc7 58. Bf2 Kd6 59. Bg1 Bf1 60. Rc2 Re7 61.
Rf2 Bd3 62. Rd2 Bg6 63. Bf2 Re6 64. Bg1 Ke7 65. Bf2 Kf6 66. Bg1 Bf5 67. Bf2 Ke7
68. Bg1 Kd6 69. Bf2 Re8 70. Bg1 Re6 71. Bf2 c5 72. dxc5+ Kc6 73. Bd4 Re3 74.
Bf6 Rxb3 75. Bd8 Rb1+ 76. Ke2 b3 77. Bf6 Kxc5 78. Kf2 Bh7 79. Ke2 Bg6 80. Kf2
Bf5 81. Ke2 Bd7 82. Kd3 Bxa4 83. Be7+ Kc6 84. Bxg5 Rc1 85. Bxf4 Bb5+ 86. Ke3 a4
87. Bg5 a3 88. Bf6 a2 0-1

[Event "NED-ch 1975"]
[Site "Leeuwarden"]
[Date "1975.??.??"]
[Round "1"]
[White "Hartoch, Rob"]
[Black "Borm, Frans"]
[Result "1-0"]
[WhiteElo "2375"]
[BlackElo "2200"]
[PlyCount "115"]
[EventDate "1975.??.??"]
[Source "ChessBase"]
[SourceDate "1999.07.01"]

1. e4 c5 2. Nc3 g6 3. g3 Bg7 4. Bg2 Nc6 5. f4 d6 6. Nf3 Bg4 7. d3 Rb8 8. h3
Bxf3 9. Qxf3 e6 10. O-O Nge7 11. g4 f5 12. Be3 O-O 13. Nd1 d5 14. Bxc5 dxe4 15.
dxe4 Bd4+ 16. Bxd4 Nxd4 17. Qf2 fxe4 18. c3 Nf3+ 19. Bxf3 Rxf4 20. Qxa7 Rxf3
21. Rxf3 exf3 22. Qf2 Qd3 23. Ne3 Rf8 24. Rd1 Qe4 25. Re1 Nc6 26. Nf1 Qd5 27.
Re3 Ne5 28. b3 Nd3 29. Qd2 f2+ 30. Kh2 Qd6+ 31. Rg3 Rf3 32. Qe2 Ne1 33. Qc4 Rf8
34. Kh1 Nf3 35. Kg2 Ne5 36. Qe4 Nd7 37. Rd3 Nc5 38. Qxg6+ hxg6 39. Rxd6 Ra8 40.
b4 Ne4 41. Rxe6 Nxc3 42. Rxg6+ Kh7 43. Rb6 Rxa2 44. Rxb7+ Kg6 45. Rc7 Nd5 46.
Rc6+ Kf7 47. Rd6 Nxb4 48. Rd4 Nc6 49. Rf4+ Kg6 50. Rxf2 Ra4 51. Nd2 Ne5 52. Kg3
Ra3+ 53. Nf3 Kh6 54. Rf1 Rb3 55. Kg2 Ng6 56. Re1 Nf4+ 57. Kg3 Nxh3 58. Rh1 1-0

[Event "NED-ch 1975"]
[Site "Leeuwarden"]
[Date "1975.??.??"]
[Round "1"]
[White "Van Dop, Arend"]
[Black "Du Chattel, Philippe"]
[Result "0-1"]
[WhiteElo "2340"]
[BlackElo "2200"]
[PlyCount "74"]
[EventDate "1975.??.??"]
[Source "ChessBase"]
[SourceDate "1999.07.01"]

1. e4 c6 2. d4 g6 3. Nc3 d6 4. a4 Bg7 5. Be2 Nh6 6. Be3 f6 7. h4 O-O 8. h5 g5
9. Qd2 Nf7 10. f4 gxf4 11. Bxf4 e5 12. h6 Bh8 13. Be3 f5 14. dxe5 Bxe5 15. Nf3
Bg3+ 16. Kd1 Qf6 17. Kc1 Na6 18. Ra3 Nc5 19. Bd4 Qg6 20. exf5 Bxf5 21. Bg7 Ne6
22. Kb1 Nxg7 23. hxg7 Qxg7 24. Nd4 Bd7 25. Bd3 Ng5 26. Ne4 Bf4 27. Qd1 h6 28.
Nxg5 Bxg5 29. Rb3 Rf4 30. Nf3 Be6 31. Ra3 Bg4 32. Be2 Re8 33. Re1 Rfe4 34. Bc4+
d5 35. Rxe4 Rxe4 36. Bxd5+ cxd5 37. Qxd5+ Re6 0-1

[Event "NED-ch 1975"]
[Site "Leeuwarden"]
[Date "1975.??.??"]
[Round "1"]
[White "Van der Sterren, Paul"]
[Black "Dieks, Roy"]
[Result "1-0"]
[WhiteElo "2200"]
[BlackElo "2305"]
[PlyCount "135"]
[EventDate "1975.??.??"]
[Source "ChessBase"]
[SourceDate "1999.07.01"]

1. e4 c5 2. Nf3 d6 3. d4 cxd4 4. Nxd4 Nf6 5. Nc3 a6 6. Be2 Nbd7 7. O-O Nc5 8.
f3 g6 9. Be3 Bg7 10. Nb3 Nxb3 11. axb3 O-O 12. f4 Bd7 13. e5 Ne8 14. Bf3 Bc6
15. Bxc6 bxc6 16. exd6 exd6 17. Qd3 Qe7 18. Rfe1 d5 19. Rxa6 Rxa6 20. Qxa6 d4
21. Bf2 Qd6 22. Ne4 Qd5 23. Qc4 Nc7 24. Nc5 Qf5 25. Nd3 Ne6 26. Qxc6 Nxf4 27.
Nxf4 Qxf4 28. Bg3 Qd2 29. Qc4 h5 30. Rf1 Qe3+ 31. Kh1 Kh7 32. b4 f5 33. Bf4 Qe7
34. b5 g5 35. Bc7 Be5 36. Re1 Qxc7 37. Qxc7+ Bxc7 38. Re7+ Kg6 39. Rxc7 Re8 40.
Kg1 Re5 41. b6 Rb5 42. Rc6+ Kf7 43. Kf2 Rxb2 44. Ke2 h4 45. h3 Rb1 46. Kd3 Rb4
47. Rd6 Kg7 48. c3 dxc3 49. Kxc3 Rb1 50. Kc4 Rb2 51. Kc5 Rc2+ 52. Kb5 Rb2+ 53.
Kc6 Rc2+ 54. Kd7 Rxg2 55. b7 Rb2 56. Kc7 Rxb7+ 57. Kxb7 g4 58. Kc6 gxh3 59. Kc5
f4 60. Kc4 h2 61. Rd1 Kg6 62. Kd3 Kf5 63. Ke2 Kg4 64. Kf2 f3 65. Ra1 Kf4 66.
Rh1 Kg4 67. Rxh2 h3 68. Rh1 1-0

[Event "NED-ch 1975"]
[Site "Leeuwarden"]
[Date "1975.??.??"]
[Round "1"]
[White "Vogel, Jaap"]
[Black "Ree, Hans"]
[Result "1/2-1/2"]
[WhiteElo "2335"]
[BlackElo "2470"]
[PlyCount "67"]
[EventDate "1975.??.??"]
[Source "ChessBase"]
[SourceDate "1999.07.01"]

1. Nf3 Nf6 2. d4 g6 3. g3 Bg7 4. Bg2 O-O 5. O-O d6 6. c4 Nc6 7. b3 e5 8. dxe5
dxe5 9. Bb2 Qe7 10. Nc3 Rd8 11. Qc1 e4 12. Ne1 Nd4 13. Nc2 Nxc2 14. Qxc2 e3 15.
Nd5 Nxd5 16. cxd5 Bf5 17. Qc1 Bxb2 18. Qxb2 Be4 19. Rad1 Bxg2 20. Kxg2 Rxd5 21.
Rxd5 Qe4+ 22. f3 Qxd5 23. Qc1 Qe5 24. Rd1 Re8 25. Rd7 Re7 26. Rd8+ Kg7 27. Rd3
g5 28. Qc4 h6 29. Rd4 Qf6 30. h4 Re6 31. hxg5 hxg5 32. Qd3 Qg6 33. Qc3 Qf6 34.
Qd3 1/2-1/2

[Event "NED-ch 1975"]
[Site "Leeuwarden"]
[Date "1975.??.??"]
[Round "2"]
[White "Borm, Frans"]
[Black "Bohm, Hans"]
[Result "0-1"]
[WhiteElo "2200"]
[BlackElo "2300"]
[PlyCount "66"]
[EventDate "1975.??.??"]
[Source "ChessBase"]
[SourceDate "1999.07.01"]

1. e4 Nf6 2. e5 Nd5 3. d4 d6 4. c4 Nb6 5. f4 Bf5 6. Nc3 dxe5 7. fxe5 e6 8. Nf3
Nc6 9. Be3 Bg4 10. Qd2 Be7 11. O-O-O f6 12. Qf2 O-O 13. Qg3 Bf5 14. d5 exd5 15.
c5 Nd7 16. Bh6 Bg6 17. Rxd5 Qe8 18. Bc4 Kh8 19. Rxd7 Qxd7 20. e6 Qe8 21. Be3
Na5 22. Bb5 c6 23. Be2 Qc8 24. b4 Qxe6 25. Nd4 Qf7 26. bxa5 Bxc5 27. Nc2 Bxe3+
28. Nxe3 Rfe8 29. Nc4 Rxe2 30. Nxe2 Qxc4+ 31. Nc3 Qb4 32. Rd1 Qa3+ 33. Kd2 Re8
0-1

[Event "NED-ch 1975"]
[Site "Leeuwarden"]
[Date "1975.??.??"]
[Round "2"]
[White "Du Chattel, Philippe"]
[Black "Hartoch, Rob"]
[Result "1/2-1/2"]
[WhiteElo "2200"]
[BlackElo "2375"]
[PlyCount "57"]
[EventDate "1975.??.??"]
[Source "ChessBase"]
[SourceDate "1999.07.01"]

1. e4 c5 2. d3 Nc6 3. c3 g6 4. g3 Bg7 5. Bg2 e5 6. Nh3 Nge7 7. Be3 d6 8. f3 b6
9. Qd2 h6 10. c4 Be6 11. Nc3 Qd7 12. Nf2 Nd4 13. h4 h5 14. b4 cxb4 15. Bxd4
exd4 16. Ne2 b5 17. cxb5 Qxb5 18. Rb1 Rb8 19. O-O O-O 20. f4 f5 21. Rfe1 Kh8
22. e5 Qb6 23. Nh3 Bd5 24. Ng5 Bxg2 25. Kxg2 dxe5 26. fxe5 Nd5 27. Nf4 Ne3+ 28.
Rxe3 dxe3 29. Qxe3 1/2-1/2

[Event "NED-ch 1975"]
[Site "Leeuwarden"]
[Date "1975.??.??"]
[Round "2"]
[White "Enklaar, Bert"]
[Black "Vogel, Jaap"]
[Result "1/2-1/2"]
[WhiteElo "2410"]
[BlackElo "2335"]
[PlyCount "113"]
[EventDate "1975.??.??"]
[Source "ChessBase"]
[SourceDate "1999.07.01"]

1. e4 c5 2. Nf3 e6 3. d4 cxd4 4. Nxd4 Nf6 5. Nc3 Nc6 6. Nxc6 bxc6 7. Bd3 d5 8.
O-O Be7 9. Re1 a5 10. e5 Nd7 11. Qg4 Bf8 12. Na4 Ba6 13. b3 g6 14. Qe2 Bxd3 15.
cxd3 Qb8 16. Bg5 c5 17. Rac1 h6 18. Bf4 Qb4 19. Be3 Be7 20. Rc2 Kf8 21. Rec1 d4
22. Bf4 Kg7 23. Qe4 Rab8 24. Bd2 Qb5 25. f4 h5 26. g3 Rhc8 27. Rc4 Nb6 28. Nxb6
Qxb6 29. Ra4 Ra8 30. h3 Rcb8 31. Rcc4 f5 32. exf6+ Kxf6 33. Rc1 Qb7 34. Qe5+
Kf7 35. Re1 Qd5 36. Qxd5 exd5 37. Re5 Rd8 38. f5 Bf6 39. fxg6+ Kxg6 40. Re6 Rd7
41. Rxa5 Rxa5 42. Bxa5 c4 43. Rc6 c3 44. Bb6 Kf5 45. a4 Be5 46. a5 Rg7 47. a6
Rxg3+ 48. Kf2 Rxd3 49. a7 Rd2+ 50. Ke1 Ra2 51. Rc8 d3 52. a8=Q Rxa8 53. Rxa8 c2
54. Rc8 Bf4 55. Ba5 c1=Q+ 56. Rxc1 Bxc1 57. b4 1/2-1/2

[Event "NED-ch 1975"]
[Site "Leeuwarden"]
[Date "1975.??.??"]
[Round "2"]
[White "Ree, Hans"]
[Black "Van Dop, Arend"]
[Result "1/2-1/2"]
[WhiteElo "2470"]
[BlackElo "2340"]
[PlyCount "54"]
[EventDate "1975.??.??"]
[Source "ChessBase"]
[SourceDate "1999.07.01"]

1. c4 Nf6 2. g3 g6 3. Bg2 d5 4. cxd5 Nxd5 5. Nc3 Nb6 6. d3 Bg7 7. Be3 Nc6 8.
Bxc6+ bxc6 9. Rc1 Nd5 10. Qd2 h5 11. Nxd5 Qxd5 12. Nf3 Bg4 13. Rc5 Qxa2 14. b4
Qxd2+ 15. Nxd2 Kd7 16. f3 Be6 17. Kf2 Rhb8 18. Rb1 Ba2 19. Rbc1 Bd5 20. Ra5
Rxb4 21. Rxa7 Rxa7 22. Bxa7 h4 23. Bc5 Rb5 24. Be3 Be5 25. f4 hxg3+ 26. hxg3
Bd6 27. Nf3 f6 1/2-1/2

[Event "NED-ch 1975"]
[Site "Leeuwarden"]
[Date "1975.??.??"]
[Round "2"]
[White "Schouten, Nico"]
[Black "Dieks, Roy"]
[Result "1-0"]
[WhiteElo "2200"]
[BlackElo "2305"]
[PlyCount "49"]
[EventDate "1975.??.??"]
[Source "ChessBase"]
[SourceDate "1999.07.01"]

1. d4 Nf6 2. c4 g6 3. Nc3 Bg7 4. e4 d6 5. f4 c5 6. d5 e6 7. Nf3 exd5 8. cxd5
O-O 9. Be2 Re8 10. O-O Nxe4 11. Nxe4 Rxe4 12. Bd3 Re8 13. f5 Bxf5 14. Bxf5 gxf5
15. Qd3 Qf6 16. Bg5 Qg6 17. Qb5 Na6 18. Rae1 Rec8 19. Be7 f4 20. Nh4 Qc2 21.
Rxf4 c4 22. Nf5 Nc7 23. Qd7 Nxd5 24. Rg4 Rc7 25. Bd8 1-0

[Event "NED-ch 1975"]
[Site "Leeuwarden"]
[Date "1975.??.??"]
[Round "2"]
[White "Timman, Jan"]
[Black "Van der Sterren, Paul"]
[Result "1-0"]
[WhiteElo "2510"]
[BlackElo "2200"]
[PlyCount "73"]
[EventDate "1975.??.??"]
[Source "ChessBase"]
[SourceDate "1999.07.01"]

1. Nf3 Nf6 2. g3 g6 3. Bg2 Bg7 4. O-O O-O 5. c4 d6 6. d4 c6 7. Nc3 Qa5 8. h3 e5
9. e4 exd4 10. Nxd4 Qc5 11. Nb3 Qxc4 12. Qxd6 a5 13. Bf4 Nbd7 14. Rac1 Qb4 15.
Qd1 a4 16. Bd6 Qb6 17. Nd2 Re8 18. e5 Nh5 19. Nc4 Qa6 20. Ne2 Nxe5 21. Bxe5
Bxe5 22. Nxe5 Rxe5 23. Qd8+ Kg7 24. Qd4 f6 25. Nc3 Qa7 26. Qxa7 Rxa7 27. f4 Re8
28. g4 Ng3 29. Rfe1 Rxe1+ 30. Rxe1 h5 31. Kf2 h4 32. Re7+ Kh6 33. Bxc6 a3 34.
b4 Ra8 35. Bd5 g5 36. fxg5+ Kxg5 37. Re8 1-0

[Event "NED-ch 1975"]
[Site "Leeuwarden"]
[Date "1975.??.??"]
[Round "3"]
[White "Bohm, Hans"]
[Black "Du Chattel, Philippe"]
[Result "1-0"]
[WhiteElo "2300"]
[BlackElo "2200"]
[PlyCount "82"]
[EventDate "1975.??.??"]
[Source "ChessBase"]
[SourceDate "1999.07.01"]

1. d4 g6 2. c3 d5 3. Bf4 Bg7 4. e3 f6 5. Nd2 e5 6. Bg3 Nh6 7. Ngf3 Nf7 8. dxe5
fxe5 9. e4 c6 10. Bd3 Nd7 11. O-O O-O 12. b4 a5 13. a3 Re8 14. Qc2 Nf8 15. Rfe1
g5 16. Nb3 h5 17. h4 Bg4 18. Nxg5 Nxg5 19. hxg5 Qxg5 20. Qd2 Qxd2 21. Nxd2 Kf7
22. f3 Bd7 23. Nb3 axb4 24. axb4 Rad8 25. Ra7 Bc8 26. Bf2 Ne6 27. Bb6 Rd6 28.
Nc5 Nxc5 29. Bxc5 Bf8 30. Bxd6 Bxd6 31. Ra8 Rg8 32. Kf2 Be7 33. Rh1 h4 34. Bc2
Ke6 35. Bb3 Kd6 36. exd5 cxd5 37. Ra5 Be6 38. Bxd5 h3 39. gxh3 Bh4+ 40. Ke3 Rg2
41. Bxe6 Kxe6 1-0

[Event "NED-ch 1975"]
[Site "Leeuwarden"]
[Date "1975.??.??"]
[Round "3"]
[White "Hartoch, Rob"]
[Black "Ree, Hans"]
[Result "1-0"]
[WhiteElo "2375"]
[BlackElo "2470"]
[PlyCount "89"]
[EventDate "1975.??.??"]
[Source "ChessBase"]
[SourceDate "1999.07.01"]

1. g3 g6 2. Bg2 Bg7 3. e4 c5 4. f4 Nc6 5. d3 e6 6. Nf3 Nge7 7. O-O O-O 8. c3 d5
9. Qe2 b5 10. Be3 d4 11. Bf2 Ba6 12. e5 Rc8 13. cxd4 Nxd4 14. Nxd4 cxd4 15. Na3
Qb6 16. Nc2 Rfd8 17. Rac1 b4 18. Qe4 b3 19. axb3 Qxb3 20. Nxd4 Qxd3 21. Qxd3
Bxd3 22. Rxc8 Rxc8 23. Ra1 a6 24. Bf1 Bxf1 25. Kxf1 Nc6 26. Rxa6 Nxd4 27. Bxd4
Rc1+ 28. Ke2 Bf8 29. h4 Rc2+ 30. Kf3 h6 31. Rb6 Kg7 32. Rb7 Rc4 33. Be3 h5 34.
Ke2 Rb4 35. Rxb4 Bxb4 36. Bd2 Be7 37. Kd3 Kf8 38. Kc4 Ke8 39. Kb5 Kd7 40. b4
Kc7 41. Ka6 Kc6 42. b5+ Kd5 43. b6 Bd8 44. b7 Bc7 45. Bb4 1-0

[Event "NED-ch 1975"]
[Site "Leeuwarden"]
[Date "1975.??.??"]
[Round "3"]
[White "Van Dop, Arend"]
[Black "Enklaar, Bert"]
[Result "0-1"]
[WhiteElo "2340"]
[BlackElo "2410"]
[PlyCount "78"]
[EventDate "1975.??.??"]
[Source "ChessBase"]
[SourceDate "1999.07.01"]

1. e4 c5 2. Nf3 e6 3. d4 cxd4 4. Nxd4 Nf6 5. Nc3 d6 6. Be2 Be7 7. Be3 O-O 8.
O-O a6 9. f4 Qc7 10. Kh1 b5 11. Bf3 Bb7 12. a3 Nbd7 13. Qe2 Rfe8 14. Bf2 e5 15.
fxe5 dxe5 16. Nf5 Bf8 17. Rfd1 Rac8 18. Bh4 g6 19. Ne3 Be7 20. Bg4 Nxg4 21.
Ned5 Qc4 22. Nxe7+ Rxe7 23. Qxc4 Rxc4 24. Bxe7 Nf2+ 25. Kg1 Nxd1 26. Rxd1 Rd4
27. Rxd4 exd4 28. Nd5 f5 29. Nf6+ Kf7 30. Nxd7 Kxe7 31. Nc5 Bxe4 32. Nxa6 Bxc2
33. Kf2 Kd6 34. Ke2 f4 35. Nb4 Be4 36. Kf2 Kc5 37. b3 d3 38. Na2 Kd4 39. a4
Bxg2 0-1

[Event "NED-ch 1975"]
[Site "Leeuwarden"]
[Date "1975.??.??"]
[Round "3"]
[White "Van der Sterren, Paul"]
[Black "Borm, Frans"]
[Result "1/2-1/2"]
[WhiteElo "2200"]
[BlackElo "2200"]
[PlyCount "106"]
[EventDate "1975.??.??"]
[Source "ChessBase"]
[SourceDate "1999.07.01"]

1. e4 c5 2. Nf3 g6 3. d4 cxd4 4. Nxd4 Bg7 5. c4 Nc6 6. Be3 Nf6 7. Nc3 Ng4 8.
Qxg4 Nxd4 9. Qd1 e5 10. Nb5 O-O 11. Qd2 Qh4 12. Bd3 Nxb5 13. cxb5 d5 14. exd5
b6 15. O-O Bb7 16. d6 Rfd8 17. Be2 Rd7 18. Rac1 Qd8 19. Rfd1 Bf8 20. Bg5 f6 21.
Bc4+ Kh8 22. Be6 Rxd6 23. Qxd6 Bxd6 24. Rxd6 Qf8 25. Rd7 fxg5 26. Rcc7 Qh6 27.
Rxb7 g4 28. g3 Qh5 29. Rbc7 Qh6 30. Bd5 Re8 31. Rxa7 Rc8 32. Bc6 e4 33. Rxh7+
Qxh7 34. Rxh7+ Kxh7 35. Kf1 Kg7 36. Ke2 Kf6 37. Ke3 Ke5 38. a4 Rd8 39. Bxe4 g5
40. b3 Rd1 41. Bd3 Re1+ 42. Be2 Rb1 43. Bxg4 Rxb3+ 44. Ke2 Rb4 45. Bd7 Rxa4 46.
Kf3 Rb4 47. h3 Rc4 48. Bc6 Rb4 49. Be8 Ra4 50. Bg6 Rc4 51. Ke3 Rb4 52. Bd3 Ra4
53. f3 Rb4 1/2-1/2

[Event "NED-ch 1975"]
[Site "Leeuwarden"]
[Date "1975.??.??"]
[Round "3"]
[White "Vogel, Jaap"]
[Black "Schouten, Nico"]
[Result "1-0"]
[WhiteElo "2335"]
[BlackElo "2200"]
[PlyCount "55"]
[EventDate "1975.??.??"]
[Source "ChessBase"]
[SourceDate "1999.07.01"]

1. Nf3 Nf6 2. d4 g6 3. g3 Bg7 4. Bg2 O-O 5. O-O d6 6. c4 c6 7. Nc3 Qa5 8. e4
Nbd7 9. h3 b5 10. cxb5 cxb5 11. e5 Ne8 12. b4 Qa6 13. a4 Nc7 14. Bg5 Re8 15.
Nd2 dxe5 16. Nxb5 Nxb5 17. axb5 Qxb5 18. Bxa8 exd4 19. Nf3 Nb6 20. Be4 Bxh3 21.
Re1 Bg4 22. Ra5 Qxb4 23. Bd2 Qb2 24. Qc1 Qb3 25. Ra3 Qc4 26. Rxa7 d3 27. Rb7
Qa6 28. Qc6 1-0

[Event "NED-ch 1975"]
[Site "Leeuwarden"]
[Date "1975.??.??"]
[Round "4"]
[White "Borm, Frans"]
[Black "Dieks, Roy"]
[Result "1/2-1/2"]
[WhiteElo "2200"]
[BlackElo "2305"]
[PlyCount "116"]
[EventDate "1975.??.??"]
[Source "ChessBase"]
[SourceDate "1999.07.01"]

1. e4 c5 2. Nf3 d6 3. d4 cxd4 4. Nxd4 Nf6 5. Nc3 g6 6. Be3 Bg7 7. f3 O-O 8. Qd2
Nc6 9. Bc4 Qc7 10. Bb3 Ne5 11. h4 Nc4 12. Ndb5 Qc6 13. Nxa7 Qa6 14. Bxc4 Qxc4
15. Qd3 Qc7 16. Nab5 Qa5 17. Nd4 Bd7 18. a3 Rfc8 19. Rb1 Nh5 20. g4 Nf6 21. h5
Bc6 22. hxg6 fxg6 23. Kf2 Rf8 24. Kg2 Qe5 25. Nxc6 bxc6 26. Bd4 Qe6 27. Rh3 Rf7
28. Rbh1 Raf8 29. Ne2 d5 30. Nf4 Qc8 31. e5 Ne4 32. Nxg6 hxg6 33. e6 Rf6 34.
Bxf6 Rxf6 35. fxe4 Qxe6 36. exd5 cxd5 37. Rf1 Rxf1 38. Kxf1 Bxb2 39. Re3 Qf6+
40. Rf3 Qc6 41. a4 Kg7 42. Qb3 Bf6 43. Rf2 d4 44. Rf3 g5 45. Rg3 Qh1+ 46. Rg1
Qh2 47. Rg2 Qf4+ 48. Ke2 Qe4+ 49. Kf1 Qf4+ 50. Ke2 Qe4+ 51. Kf2 Qf4+ 52. Ke1
Qe4+ 53. Kf2 Qf4+ 54. Ke1 Qe4+ 55. Re2 Qxg4 56. a5 Qg1+ 57. Kd2 g4 58. Qe6 Qg3
1/2-1/2

[Event "NED-ch 1975"]
[Site "Leeuwarden"]
[Date "1975.??.??"]
[Round "4"]
[White "Du Chattel, Philippe"]
[Black "Van der Sterren, Paul"]
[Result "1-0"]
[WhiteElo "2200"]
[BlackElo "2200"]
[PlyCount "51"]
[EventDate "1975.??.??"]
[Source "ChessBase"]
[SourceDate "1999.07.01"]

1. e4 g6 2. g3 Bg7 3. Bg2 c5 4. f4 Nc6 5. Nh3 d6 6. O-O e6 7. d3 Nge7 8. c3 O-O
9. Na3 Rb8 10. Nc2 b5 11. a3 a5 12. Bd2 b4 13. axb4 axb4 14. f5 exf5 15. exf5
Bxf5 16. Rxf5 gxf5 17. Qh5 bxc3 18. Bxc3 Nd4 19. Ne3 Ng6 20. Bd5 Bf6 21. Ra7
Nb5 22. Bxf6 Qxf6 23. Ng5 h6 24. Nxf7 Nxa7 25. Nxh6+ Kg7 26. Nhxf5+ 1-0

[Event "NED-ch 1975"]
[Site "Leeuwarden"]
[Date "1975.??.??"]
[Round "4"]
[White "Enklaar, Bert"]
[Black "Hartoch, Rob"]
[Result "1/2-1/2"]
[WhiteElo "2410"]
[BlackElo "2375"]
[PlyCount "55"]
[EventDate "1975.??.??"]
[Source "ChessBase"]
[SourceDate "1999.07.01"]

1. e4 c6 2. d4 d5 3. exd5 cxd5 4. c4 Nf6 5. Nc3 e6 6. Nf3 Be7 7. cxd5 Nxd5 8.
Bd3 Nc6 9. O-O O-O 10. Bc2 b6 11. Qd3 g6 12. a3 Bf6 13. Bh6 Bg7 14. Bxg7 Kxg7
15. Rfe1 Bb7 16. Ne4 h6 17. Ng3 Nce7 18. Qd2 Nf5 19. Rad1 Rc8 20. Bb1 Rc7 21.
Bxf5 exf5 22. Ne5 Qh4 23. Rc1 Rfc8 24. Rxc7 Rxc7 25. Ne2 Rc8 26. Nc3 Rd8 27.
Nf3 Qf6 28. Rd1 1/2-1/2

[Event "NED-ch 1975"]
[Site "Leeuwarden"]
[Date "1975.??.??"]
[Round "4"]
[White "Ree, Hans"]
[Black "Bohm, Hans"]
[Result "1/2-1/2"]
[WhiteElo "2470"]
[BlackElo "2300"]
[PlyCount "57"]
[EventDate "1975.??.??"]
[Source "ChessBase"]
[SourceDate "1999.07.01"]

1. d4 d5 2. c4 c6 3. Nc3 Nf6 4. e3 g6 5. Nf3 Bg7 6. Bd3 O-O 7. O-O Bg4 8. h3
Bxf3 9. Qxf3 e6 10. Rd1 Nbd7 11. Qe2 Re8 12. e4 dxe4 13. Nxe4 Nxe4 14. Bxe4 Qh4
15. Qg4 Qe7 16. Qe2 f5 17. Bc2 c5 18. dxc5 Nxc5 19. Rb1 e5 20. Be3 Ne6 21. Ba4
Red8 22. Rxd8+ Rxd8 23. Rd1 b6 24. Rxd8+ Qxd8 25. c5 Nxc5 26. Bxc5 bxc5 27.
Qc4+ Kh8 28. Qxc5 e4 29. Qxa7 1/2-1/2

[Event "NED-ch 1975"]
[Site "Leeuwarden"]
[Date "1975.??.??"]
[Round "4"]
[White "Schouten, Nico"]
[Black "Timman, Jan"]
[Result "0-1"]
[WhiteElo "2200"]
[BlackElo "2510"]
[PlyCount "64"]
[EventDate "1975.??.??"]
[Source "ChessBase"]
[SourceDate "1999.07.01"]

1. d4 Nf6 2. c4 e6 3. Nc3 Bb4 4. e3 b6 5. Nge2 Ba6 6. a3 Bxc3+ 7. Nxc3 d5 8. b3
O-O 9. Be2 Nc6 10. a4 dxc4 11. Ba3 Re8 12. b4 Ne7 13. b5 Bb7 14. O-O Ned5 15.
Qc2 Nxc3 16. Qxc3 Ne4 17. Qc2 Qg5 18. f4 Qg6 19. Bxc4 Rac8 20. Rac1 c5 21. bxc6
Rxc6 22. Qe2 Rec8 23. Ba6 Rxc1 24. Rxc1 Rxc1+ 25. Bxc1 Nc3 26. Qd2 Nb1 27. f5
Qxf5 28. Qd3 Bxa6 29. Qxa6 Qc2 30. Qf1 Nc3 31. Ba3 Ne2+ 32. Kh1 Qd3 0-1

[Event "NED-ch 1975"]
[Site "Leeuwarden"]
[Date "1975.??.??"]
[Round "4"]
[White "Vogel, Jaap"]
[Black "Van Dop, Arend"]
[Result "1/2-1/2"]
[WhiteElo "2335"]
[BlackElo "2340"]
[PlyCount "57"]
[EventDate "1975.??.??"]
[Source "ChessBase"]
[SourceDate "1999.07.01"]

1. Nf3 Nf6 2. g3 g6 3. Bg2 Bg7 4. O-O O-O 5. d3 d5 6. Nbd2 c5 7. e4 Nc6 8. c3
e5 9. Re1 Re8 10. a4 h6 11. exd5 Nxd5 12. Nc4 f6 13. d4 e4 14. Nh4 f5 15. dxc5
g5 16. Nd6 Nde7 17. Qh5 Rf8 18. Ng6 Nxg6 19. Qxg6 Ne5 20. Qh5 Nd3 21. Rd1 Be6
22. Qe2 Qe7 23. Be3 Ne5 24. Bd4 Rad8 25. Qc2 Rd7 26. a5 a6 27. Rdc1 h5 28. Rd1
h4 29. b4 1/2-1/2

[Event "NED-ch 1975"]
[Site "Leeuwarden"]
[Date "1975.??.??"]
[Round "5"]
[White "Bohm, Hans"]
[Black "Enklaar, Bert"]
[Result "1/2-1/2"]
[WhiteElo "2300"]
[BlackElo "2410"]
[PlyCount "80"]
[EventDate "1975.??.??"]
[Source "ChessBase"]
[SourceDate "1999.07.01"]

1. d4 e6 2. Nf3 c5 3. e3 Nf6 4. Be2 b6 5. O-O Bb7 6. b3 Be7 7. dxc5 bxc5 8. Bb2
d6 9. Nfd2 O-O 10. Nc3 d5 11. Bf3 Nbd7 12. Ne2 Qc7 13. g3 Rad8 14. Qe1 Rfe8 15.
Bg2 Bf8 16. c4 Ne5 17. Nf4 Bd6 18. Qe2 Ba6 19. Rac1 Nfd7 20. Rfd1 Nb6 21. Nh5
dxc4 22. bxc4 Bf8 23. Be4 f5 24. Bxe5 Qxe5 25. Bc6 Re7 26. a4 Qc7 27. Bb5 Bb7
28. a5 Nc8 29. a6 Ba8 30. Nf4 Nd6 31. h4 Nf7 32. Nf3 Rb8 33. Rd2 Ne5 34. Nxe5
Qxe5 35. f3 g5 36. hxg5 Rg7 37. Nh5 Rg6 38. Rcd1 Be7 39. Kf2 Rxg5 40. f4 Qe4
1/2-1/2

[Event "NED-ch 1975"]
[Site "Leeuwarden"]
[Date "1975.??.??"]
[Round "5"]
[White "Dieks, Roy"]
[Black "Du Chattel, Philippe"]
[Result "1-0"]
[WhiteElo "2305"]
[BlackElo "2200"]
[PlyCount "212"]
[EventDate "1975.??.??"]
[Source "ChessBase"]
[SourceDate "1999.07.01"]

1. g3 g6 2. Bg2 c6 3. c4 Bg7 4. Nc3 Nh6 5. e4 d6 6. Nge2 f5 7. d4 O-O 8. exf5
Bxf5 9. h3 Bd7 10. O-O Nf5 11. c5 d5 12. f4 Na6 13. a3 b6 14. b4 bxc5 15. bxc5
Qa5 16. Qd2 Nxc5 17. dxc5 Nxg3 18. Nxg3 Bxc3 19. Qa2 Qxc5+ 20. Kh2 Bxa1 21.
Qxa1 Rab8 22. f5 Rb3 23. Bh6 Rf6 24. Bg5 Rf7 25. fxg6 hxg6 26. Rxf7 Kxf7 27.
Qh8 Qc3 28. Qh7+ Qg7 29. Qh4 Rxa3 30. Qb4 Qe5 31. Qxa3 Qxg5 32. Qxa7 Be6 33.
Qc7 Qc1 34. Ne2 Qc4 35. Nf4 Qc5 36. Nd3 Qd6+ 37. Ne5+ Kf6 38. Qxd6 exd6 39.
Nxc6 g5 40. Kg3 Bf7 41. Nb4 d4 42. Nd3 Be6 43. Be4 Bc4 44. Nf2 Be6 45. Bd3 Bd5
46. Kg4 Be6+ 47. Kh5 Bf5 48. Ng4+ Ke6 49. Bc4+ d5 50. Bb3 Bb1 51. Kxg5 d3 52.
Ne3 Ke5 53. Bxd5 d2 54. Bf3 Kd4 55. Nd1 Bc2 56. h4 Bh7 57. Kf6 Bb1 58. h5 Bh7
59. h6 Bb1 60. Bg4 Bc2 61. Kg7 Bb1 62. h7 Bxh7 63. Kxh7 Ke5 64. Kg6 Kf4 65. Be2
Ke5 66. Kg5 Ke4 67. Kg4 Ke5 68. Kf3 Kd4 69. Kf4 Kd5 70. Ke3 Ke5 71. Kxd2 Kd4
72. Nc3 Ke5 73. Ke3 Kf5 74. Kd4 Ke6 75. Nd5 Kf7 76. Ke5 Kg6 77. Kf4 Kh6 78. Kf5
Kg7 79. Kg5 Kf7 80. Bg4 Kg7 81. Be6 Kh7 82. Kf6 Kh8 83. Bf5 Kg8 84. Nc3 Kh8 85.
Ne4 Kg8 86. Ng5 Kh8 87. Nf7+ Kg8 88. Bd3 Kf8 89. Nh6 Ke8 90. Ke6 Kf8 91. Nf7
Kg7 92. Be4 Kf8 93. Kf6 Ke8 94. Bf5 Kf8 95. Bh7 Ke8 96. Ne5 Kd8 97. Ke6 Kc7 98.
Kd5 Kb6 99. Nc6 Kc7 100. Bf5 Kb6 101. Bg4 Kb5 102. Bd1 Kb6 103. Ba4 Kc7 104.
Ne5 Kb6 105. Nc4+ Kc7 106. Bc6 Kd8 1-0